Les villes des provinces belges -> Liège - Map Quiz - Statistiques

Statistiques générales
  • Ce quiz a été pris 99 fois
  • Le résultat moyen est 8 sur 12
Réponses sur la Carte
Les réponses sont colorées sur une échelle allant du rouge au vert en fonction du pourcentage des utilisateurs qui les ont devinées à leur premier essai. Vous pouvez retrouver ces pourcentages ci-dessous.
 
Statistiques - réponses
Réponse % Correct
Liège
91%
Verviers
67%
Herstal
66%
Saint-Vith
66%
Eupen
65%
Ans
63%
Hannut
61%
Spa
59%
Huy
58%
Malmedy
57%
Stavelot
57%
Waremme
56%
Aucun quiz correspondant
Distribution des résultats
% des personnes avec chaque résultat
Percentile par nombre de réponses
Votre historique - résultats
Vous n’avez pas pris ce quiz